Language Quiz

Random Language or Letter Quiz

You 'CAN' Do This Word Quiz Stats

 Plays Quiz not verified by Sporcle

Challenge
Share
Tweet
Embed
Score 0/24 Timer 05:00
0 Plays Today
Clue 'CAN' Word % Correct
Sign of the Zodiac in JulyCancer
94.9%
Relating to dogscanine
93.5%
Home to Ottawa and Medicine HatCanada
90.1%
Unable tocannot
89.4%
Wicked waxy light sourcecandle
88.4%
Weapon to fire ballscannon
86.3%
French film festival locationCannes
82.9%
What sails and tents are made out ofcanvas
81.8%
Mexican resort cityCancun
80.1%
A small, usually yellow, finchcanary
76%
A deep narrow valley with steep sidescanyon
75.7%
Frank or opencandid
75%
Clue 'CAN' Word % Correct
A Vancouver hockey playerCanuck
67.8%
Cooking oil from the rapeseedcanola
67.8%
An awning or overhangcanopy
65.1%
Annul or destroycancel
64.7%
An open ulcerous sorecanker
61.6%
An Offenbach-inspired dancecancan
61.3%
At Synagogue, he leads everyone in prayercantor
49%
Savory appetizer served on bread or toastcanape
47.3%
Ancient name for the Palestine regionCanaan
44.9%
Danish King of England from 1016-1035Canute
21.6%
A fabricated story or groundless rumorcanard
13.7%
A person from CambridgeCantab
10.6%

You're not logged in!

Compare scores with friends on all Sporcle quizzes.
OR
Log In

You Might Also Like...

Show Comments

Extras

Created Mar 4, 2011ReportNominate
Tags:Letter Quiz, 6-letter, start

Top Quizzes Today


Score Distribution

Your Account Isn't Verified!

In order to create a playlist on Sporcle, you need to verify the email address you used during registration. Go to your Sporcle Settings to finish the process.

Report this User

Report this user for behavior that violates our Community Guidelines.

Details: